00469nam a2200193 a 4500001001300000003000900013005001700022008004100039020000800080082001600088100001300104245001900117260003300136300000900169500003500178505003300213650001600246700001300262nice12345678IN_TiNIC20260116011359.0050524s0000 teha grp 000 0 per  ac000a297.93bAYA aAyati, A aKashaful Heel. aTehranbMatba-E-Khawerc0000 a264p aincludes index and biblioraphy2 aBound one Volumes Part 1 & 2 aBahai Faith1 aAyati, A